| 000 | 00534nam a2200193Ia 4500 | ||
|---|---|---|---|
| 003 | GCL | ||
| 008 | 140319s9999 xx 000 0 ara d | ||
| 040 |
_aGCL / _cGCL |
||
| 082 | 0 | 4 |
_a598.209 _bم ر |
| 100 | 1 | _aمريد ينى حنا | |
| 245 | 1 | 0 |
_aرحلات الحيوان والطيور / _cمريد ينى حنا |
| 300 | _a97 ص | ||
| 490 |
_aالمكتبة الثقافية _v0 |
||
| 650 | 0 | 4 | _aالرحلات |
| 650 | 0 | 4 | _aالحيوان |
| 650 | 0 | 4 | _aالطيور |
| 650 | 0 | 4 | _aالطيور - هجرة |
| 942 |
_2ddc _cBK |
||
| 999 |
_c39979 _d39979 |
||